000 00520 a2200193 4500
005 20260421155322.0
008 260421b |||||||| |||| 00| 0 eng d
020 _a9781666871531
_c$ 185.00
040 _aMAIN
082 _a620.5
_bW694I
100 _aWilson, Christopher
245 _aIntroduction to nanomaterials and nanotechnology
260 _bAmerican Academic Publishers
_c2026
_aWilmington
300 _ax, 301
650 _aTechnology
650 _aEngineering
650 _aNanotechology
942 _cBK
999 _c396395
_d396395